Fictional Characters - Sudden Death - Statistics

General Stats
  • This quiz has been taken 29 times
  • The average score is 11 of 16
Answers on the Grid
Answers color-coded by a green-red scale on the quiz's grid according to % correct below.
Sherlock Holmes
Tony Soprano
Holden Caulfield
Atticus Finch
Luke Skywalker
Neville Longbottom
Max Mayfield
Peeta Mellark
Peter Pevensie
Frodo Baggins
Duke of Weselton
Mike Wazowski
Hercule Poirot
Elizabeth Bennet
Don Quixote
Juliet Capulet
Nikola Tesla
Dr. Doctor Willard Bliss
Arthur Wellesley
Kate Hudson
Exa Dark Sideræl Musk
Ima Hogg
Ada Lovelace
Leon Trotsky
Scipio Africanus
Louis Botha
Billy Joel
Tom Holland
Coco Crisp
Marcus Aurelius
Robert Oppenheimer
Lady Gaga
 
Answer Stats
Answer % Correct
Luke Skywalker
92%
Sherlock Holmes
92%
Frodo Baggins
85%
Neville Longbottom
81%
Tony Soprano
81%
Atticus Finch
73%
Juliet Capulet
73%
Mike Wazowski
73%
Don Quixote
69%
Hercule Poirot
69%
Peeta Mellark
69%
Peter Pevensie
58%
Elizabeth Bennet
54%
Holden Caulfield
46%
Duke of Weselton
27%
Max Mayfield
23%
No matching quizzes found
Score Distribution
Percent of People with Each Score
Percentile by Number Answered
Your Score History
You have not taken this quiz